000 00663nam a2200229Ia 4500
003 OSt
005 20220923220920.0
006 a|||||r|||| 00| 0
007 ta
008 220922b |||||||| |||| 00| 0 hin d
024 _a192,201
037 _cTextual
040 _aARTS
_cARTS
_bhin
041 _2hin
_ahin
082 _aT0Y1, 152J5
100 _aघर्मेन्द्र
245 0 _aसामाजिक शिक्षा और समाज-सेवा
246 _aSāmājik shikṣhā aur samāja-sevā
260 _c1955
942 _hT0Y1, 152J5
_cTEXL
_2CC
999 _c344823
_d344823